000 01084caa a22002892u 4500
001 ARTICULO-002945
003 AR-TrUNPB
007 ta
008 180517b ag r 000 0 spa d
040 _aAR-TrUNPB
245 1 0 _aIntervención de terceros en el proceso :
_bcompraventa de inmuebles, vicios redhibitorios, citación de terceros, improcedencia, voto en disidencia /
_cLa Ley (Buenos Aires)
300 _ap. 582-583
500 _aFALLO. ROSSI, ROGELIO H. CONTRA NAZAR HERNANDEZ, PABLO
590 _aRegistros migrados a formato MARC
650 7 _aARGENTINA
_2
_91506
650 7 _aJURISPRUDENCIA
_2Unescot
_93981
650 7 _aLEGISLACION
_2Unescot
_94018
650 7 _aDERECHO CIVIL
_2Unescot
_92513
650 4 _aINTERVENCION DE TERCEROS
650 4 _aDERECHO PROCESAL
_91010
650 4 _aCOMPRAVENTA INMOBILIARIA
650 4 _aFALLOS
650 4 _aVICIOS REDHIBITORIOS
773 0 _084492
_oTP0000454
_tDoctrina judicial
_dBuenos Aires : La Ley , 1994-
_wRevis2-000316
_gM0021 : Vol. a.20, no. 25 (2004) ; p. 582-583
_9105352
942 _cART
910 _asf060301
999 _c88937
_d88936